Statistics for Religion by Letter - E

Click here to take the quiz!

General Stats

  • This quiz has been taken 49 times
    (20 since last reset)
  • The average score is 13 of 17

Answer Stats

HintAnswer% Correct
Where Osiris and Ra were worshipedEgypt
100%
Holiday that celebrates the
resurrection of Jesus
Easter
100%
She was made from a ribEve
100%
The Hindu god of Ganesha has
the head of this animal
Elephant
89%
Serpent-infested garden in BibleEden
89%
Country of Haile Selassie; the
important figure of Rastafari
Ethiopia
84%
One of the "Deadly Sins"; jealousyEnvy
79%
Ritual of ridding a possessed
person of demons
Exorcism
79%
Jewish migration into CanaanExodus
79%
Ancient Greek version of heaven{Elysian} Fields
74%
Greek god of loveEros
74%
At the Jewish feast of Seder,
a cup is reserved for this prophet
Elijah
68%
Jewish queen of XerxesEsther
68%
What Buddha obtained in Bodh GayaEnlightenment
63%
Also called "Holy Communion"Eucharist
58%
Keeping with the Christian gospelEvangelical
42%
Term for an Islamic festivalEid
37%

Score Distribution

Percentile by Number Answered

Percent of People with Each Score

Your Score History

You have not taken this quiz since the last reset